[Event "London Classic 6th"]
[Site "London"]
[Date "2014.12.14"]
[Round "5"]
[White "Adams, Michael"]
[Black "Anand, Viswanathan"]
[Result "0-1"]
[WhiteElo "2745"]
[BlackElo "2793"]
[Annotator "Pavlovic,M"]
[PlyCount "72"]
[EventDate "2014.12.10"]
[EventType "tourn"]
[EventRounds "5"]
[EventCountry "ENG"]
[EventCategory "22"]
[SourceTitle "CBM 164"]
[Source "ChessBase"]
[SourceDate "2015.01.15"]
[SourceVersion "1"]
[SourceVersionDate "2015.01.15"]
[SourceQuality "1"]

1. e4 e5 2. Nf3 Nc6 3. Bb5 Nf6 {The Berlin is probably the most popular choice
after 1.e4 in top level tournaments.} 4. O-O Nxe4 5. d4 Nd6 6. Bxc6 dxc6 7.
dxe5 Nf5 8. Qxd8+ Kxd8 9. h3 Ke8 10. Nc3 h5 {The main defensive system for
Black. White has many options and many games had been played in recent years.}
11. Rd1 (11. Bf4 Be7 12. Rad1 Be6 13. Ng5 Rh6 {this is considered as a main
line of the Berlin, but theory changes quickly so I wouldn't be surprised that
something else takes a lead in that matter.}) 11... Be7 12. g3 {At this moment
not a most popular line, but the idea is well known. White restricts the black
knight and prepares slowly to progress with Kg2-g4.} b6 {A popular idea
nowadays. Black can also play in a usual manner:} (12... Be6 13. Bg5 (13. Kg2
Rd8 14. Bf4 Rd7 $5 15. Rxd7 Kxd7 16. Rd1+ Kc8 17. Bg5 f6 18. exf6 gxf6 19. Re1
Bf7 20. Bd2 Re8 21. b3 b6 22. Ne2 Bd6 23. Nf4 Rg8 $13) 13... Rg8 14. Kh2 f6 15.
exf6 gxf6 16. Bf4 Rc8 17. Ne2 Nd6 18. Ned4 Bd7 19. Nh4 Rd8 20. Rd3 Kf7 21. Rad1
Rge8 22. b3 c5 23. Ne2 Bc8 (23... Bc6 $5 $13) 24. c4 Ne4 25. Be3 Rxd3 26. Rxd3
Bd6 $13 {1-0 (70) Kamsky,G (2681)-Ragger,M (2657) Bilbao 2014}) 13. a4 Bb7 $5
$146 {it seems that this is a novelty. Black opted for different play before..}
(13... a5 14. Bf4 Rg8 15. h4 $5 (15. Ng5 Bb7 $5 16. Rd3 (16. e6 f6 $13) 16...
Ba6 17. Rd2 Rd8 18. Rad1 Bc8 19. Kh2 Rxd2 20. Rxd2 Bd8 21. h4 Ne7 $1 22. Be3
Ng6 23. f4 Bxg5 24. hxg5 h4 25. Bf2 hxg3+ 26. Bxg3 Ne7 $15 {0-1 (43) Efimenko,
Z (2689)-Bacrot,E (2705) Germany 2012}) 15... Be6 (15... Bb7 16. e6 $1 $36) 16.
Ng5 Bxg5 17. Bxg5 Ne7 18. Rd2 Rd8 19. Rxd8+ Kxd8 20. Rd1+ Ke8 21. f3 Bd7 22.
Kf2 Ng6 23. Ne4 Nxe5 24. Re1 Be6 25. Bf4 Nc4 26. b3 Nd6 27. Nxd6+ cxd6 28. Rd1
$5 Ke7 29. Bxd6+ Kd7 $11) 14. a5 c5 15. Nd5 Bd8 16. Bg5 Rf8 {The idea is to
play ...f6 at some point.} 17. c4 {Lots of comentators criticised this move
although it's a logical one.} ({The alternative is} 17. c3 $5 {when the
complications that can arise are not easy to be solved during the game, and
Adams for that reason probably opted for the more safe text.} Rc8 (17... f6 18.
Bf4 Ne7 (18... g5 19. Bc1 g4 20. hxg4 hxg4 21. Nh2 Bxd5 22. Rxd5 Ne7 23. Rd1 f5
24. Nf1 Nc6 25. axb6 cxb6 26. Rd6 Na5 27. Ra4 $1 $36) 19. exf6 $5 Nxd5 20. a6
Bc6 21. Re1+ Be7 22. fxe7 Rf6 23. Ne5 Nxf4 24. gxf4 Bd7 25. Nxd7 Kxd7 26. Re5
Re6 27. Rxh5 Kxe7 {pawn up but it looks holdable for Black}) 18. axb6 axb6 19.
Ra7 Bxd5 20. Rxd5 Bxg5 21. Nxg5 Ne7 22. Rd1 Nc6 23. Ra4 Ke7 24. f4 Rcd8 $132)
17... Bxd5 $5 {It is clear that by playing this move Anand perfectly
understands what has to be done in this position.} 18. Rxd5 (18. cxd5 Bxg5 19.
Nxg5 Ke7 20. Nf3 f6 21. Re1 Kd7 22. Kg2 Rae8 23. axb6 axb6 $11 {Black has
enough play in the centre.}) 18... Bxg5 19. Nxg5 Ke7 20. Kg2 Nd4 21. Rd1 Rad8
22. Nf3 (22. b4 {Such an attempt doesn't bring any advantage to White:} Rxd5
23. cxd5 Rd8 24. axb6 axb6 25. d6+ cxd6 26. exd6+ Rxd6 27. bxc5 bxc5 28. Ne4
Rc6 29. Nxc5 Rxc5 30. Rxd4 $11) 22... c6 23. Rxd8 Rxd8 24. Ng5 b5 25. cxb5 cxb5
26. Ne4 Nc6 27. Rxd8 Kxd8 28. e6 $2 {This move is an obvious mistake, after
which he will face a tough time even to save the game. White has a safe
position in the event of 27.f4 as we will see.} ({After} 28. f4 $1 {Black can
try two possibilities and it seems he is ok in both :} c4 (28... Nxa5 29. Nxc5
Nc6 (29... Nc4 30. b3 Na5 31. Kf3 Nc6 32. Ke4 a5 33. f5 Ke7 34. g4 hxg4 35.
hxg4 Nb4 36. g5 Nc2 37. f6+ gxf6 38. gxf6+ Ke8 39. Kd5 Nb4+ 40. Kd6 Nc2) 30.
Kf3 a5 31. Ke4 a4 32. f5 Ke7 33. g4 hxg4 34. hxg4 f6 35. exf6+ (35. e6 Ne5 $1
$132) 35... gxf6 $11) 29. Nd6 a6 30. Nxf7+ Ke7 31. Nd6 Nxa5 32. Kf3 Nb3 33. Ke4
Nc5+ 34. Kd5 Na4 35. Nf5+ Kf8 36. Kd6 c3 37. bxc3 Nxc3 38. Kd7 Ne4 39. Kd8 Nc5
40. Nd4 g6 41. e6 Nb7+ 42. Kc7 Nc5 43. Kd6 (43. Kb6 Nd3 $1 $11) 43... Ne4+ 44.
Ke5 Nxg3 45. Kf6 Nf5 46. Nc6 b4 47. Nxb4 a5 48. Nd5 a4 49. Nc3 a3 50. Kxg6 Ne7+
51. Kf6 Ng8+ $1 52. Kg6 Ne7+ 53. Kxh5 Nd5 $1 $11) 28... fxe6 29. Nxc5 Ke7 $17 {
Now Black is better as the white pawns on the queenside are vulnerable and the
black king is marching fast to the centre .} 30. Nb3 Kd6 31. Kf3 Kd5 32. Kf4
Kc4 33. Nc1 Nxa5 $19 34. Kg5 Nb3 35. Ne2 b4 36. Kxh5 a5 {White resigned in a
lost position.} 0-1

[Event "Grenke Chess Classic 3rd"]
[Site "Baden-Baden"]
[Date "2015.02.07"]
[Round "5"]
[White "Aronian, Levon"]
[Black "Anand, Viswanathan"]
[Result "1-0"]
[WhiteElo "2777"]
[BlackElo "2797"]
[Annotator "Krasenkow,M"]
[PlyCount "67"]
[EventDate "2015.02.02"]
[EventType "tourn"]
[EventRounds "7"]
[EventCountry "GER"]
[EventCategory "20"]
[SourceTitle "CBM 165"]
[Source "ChessBase"]
[SourceDate "2015.03.11"]
[SourceVersion "1"]
[SourceVersionDate "2015.03.11"]
[SourceQuality "1"]

1. c4 e6 2. Nc3 Nf6 3. Nf3 d5 4. d4 Bb4 5. cxd5 exd5 6. Qa4+ Nc6 7. Bg5 h6 8.
Bxf6 Qxf6 9. e3 O-O 10. Be2 a6 11. O-O Be6 12. Rfc1 Bd6 {A popular system of
the Ragozin Defence. Black is preparing ...Nc6-e7.} 13. a3 (13. Qd1 {- see
Carlsen-Aronian in this issue.}) 13... Ne7 (13... g5 $6 {is premature:} 14. Qd1
g4 15. Ne1 h5 16. g3 Rad8 17. Ng2 Qg7 18. Na4 Ne7 19. Nc5 Rb8 20. Bd3 Qf6 21.
Qe2 Rfe8 22. b4 Nf5 23. Nxe6 Rxe6 24. Qc2 Ne7 25. Nh4 $14 {1-0 (56) Barbero,G 
(2365)-Vukovic,Z (2375) Boeblingen 1985}) (13... Qd8 14. b4 f5 {looks slow but
in the following game White failed to refute that plan:} 15. Qb3 Kh8 16. Rd1
Bg8 17. g3 Qf6 18. Bf1 Ne7 19. Bg2 g5 20. Ra2 c6 21. Re2 Rae8 22. Na4 Ng6 23.
Qc2 Re7 24. Nc5 Rfe8 25. Rdd2 h5 $36 {0-1 (37) Nikcevic,N (2440)-Kurajica,B 
(2520) Kladovo 1991}) 14. b4 (14. Qd1 {leads to a position from Carlsen -
Aronian.}) 14... c6 15. Qb3 {The drawback of this setup is that after a3-a4
and b4-b5 a6xb5 a4xb5 Black can reply ...c6-c5! d4xc5 Bd6xc5 threatening ...
d5-d4. Therefore White's queen will have to find another square. But which
one? b1? That would disconnect White's rooks. If it goes to b2 then the
c3-knight will be pinned later on. That's why the plan with Qa4-d1 is
considered more appropriate; still, the whole line is hardly promising for
White.} g5 {[%mdl 128] Black seizes the initiative.} (15... h5 $143 16. Na4 h4
17. Nc5 Rab8 18. Qd1 {(still!)} Bc7 19. a4 Bg4 20. Nd2 Bf5 21. b5 axb5 22. axb5
Qd6 23. Nf1 cxb5 24. Bxb5 Rfc8 25. Bd3 $14 {[%csl Rb7,Rd5,Rh4] 1-0 (44) Bacrot,
E (2723)-Grandadam,N (2286) Basel 2011}) (15... Nf5 $143 {(not the best square
for the knight!)} 16. a4 g5 17. Nd2 Nh4 18. g3 Nf5 19. b5 axb5 20. axb5 Rxa1
21. Rxa1 c5 $2 22. Nxd5 Bxd5 23. Qxd5 cxd4 {1-0 (61) Jaracz,P (2531)-Perdek,M 
(2245) Wroclaw 2013} 24. Rd1 $1 dxe3 25. Ne4 exf2+ 26. Kxf2 Qe6 27. Nxd6 Ne3
28. Qxe6 Nxd1+ 29. Bxd1 fxe6+ 30. Ke1 $16) 16. Qb2 Qg7 (16... g4 $5 17. Nd2 Bc7
{[%cal Yh6h5]} (17... h5 $143 18. Nde4 $1)) 17. Na4 Rae8 18. Nc5 Bc8 19. g3 (
19. a4 f5 $36 {[%cal Yg5g4,Yf5f4]}) 19... Nf5 {Here, too, I don't like this
position of the knight.} (19... f5 {[%cal Ye7g6,Yg5g4,Yh6h5,Yh5h4] was quite
strong. It was not easy for White to defend.}) 20. Bd3 (20. a4 {looks more
logical but after} h5 {Black keeps initiative anyway.}) 20... Qf6 21. Rf1 {
Quite an artificial defence.} h5 22. Rac1 (22. Rad1 h4 (22... Nh6 23. Nd2 h4
24. e4) 23. e4 $5 Bxc5 24. exf5 {was an interesting attempt to change the
course of the game: after} Ba7 25. g4 {it is difficult for Black to break
through.}) 22... h4 23. Qd2 Nh6 $2 {Black underestimates his opponent's
tactical resource. It was hardly an oversight since White's previous move had
clearly indicated his intention; most probably, Vishy missed something in the
subsequent variations.} (23... hxg3 $1 24. hxg3 Kg7 (24... Nh4 $5 25. Ne1 $1
Ng6 $1 {(Chesspro.ru)} 26. Qe2 {[%cal Ye2f3]} g4 {was quite good, too}) {
, and now complications after} 25. e4 {are rather favourable for Black:} Nxd4
$1 26. Nxd4 Rh8 {[%cal Rf6h6]} 27. Nxb7 $1 Qh6 28. f4 Qh1+ 29. Kf2 Qh2+ 30. Ke1
Qxg3+ 31. Qf2 Bxf4 32. Qxg3 Bxg3+ 33. Kd1 Bf4 $1 {etc.}) 24. e4 $1 {[%mdl 64]}
Bxc5 (24... Qxf3 25. Qxg5+ Kh7 26. e5+ Bf5 27. Bxf5+ Nxf5 (27... Qxf5 28. Qxf5+
Nxf5 29. exd6 Nxd6 30. Nd7 {[%cal Rd7f8,Rd7f6]}) 28. Rc3 $1 Nxd4 $8 (28... Qxc3
29. Qxf5+ Kh6 30. Qf6+ Kh7 31. Qxh4+ Kg7 32. Qg5+ Kh8 33. Qh6+ Kg8 34. Nd7 $18)
29. Qxh4+ Kg7 30. Qxd4 {, and White ends up with an extra pawn (indicated by
Chesspro.ru).}) 25. e5 Qg7 $2 {Just losing a pawn and eventually the game.} (
25... Bxb4 $8 26. axb4 Qg7 27. Nxg5 Bf5 28. Nf3 $14 {- it is now Black's king
which is unsafe but the whole game is still ahead.}) 26. bxc5 f6 27. exf6 Rxf6
28. Nxg5 Bf5 29. Rce1 Rff8 30. Rxe8 Rxe8 31. Nf3 Bxd3 32. Qxd3 Re4 33. Re1 hxg3
34. hxg3 {Frustrated, Anand didn't want to check Levon's technique.} 1-0

[Event "Gashimov Memorial 2nd"]
[Site "Shamkir"]
[Date "2015.04.19"]
[Round "3"]
[White "Anand, Viswanathan"]
[Black "Giri, Anish"]
[Result "1/2-1/2"]
[WhiteElo "2791"]
[BlackElo "2790"]
[Annotator "Roiz,M"]
[PlyCount "80"]
[EventDate "2015.04.17"]
[EventType "tourn"]
[EventRounds "9"]
[EventCountry "AZE"]
[EventCategory "21"]
[SourceTitle "CBM 166"]
[Source "ChessBase"]
[SourceDate "2015.05.11"]
[SourceVersion "1"]
[SourceVersionDate "2015.05.11"]
[SourceQuality "1"]

1. e4 c6 2. d4 d5 3. e5 Bf5 4. Nf3 e6 5. Be2 Ne7 6. Nbd2 h6 {One of many
opening lines, where Black deviates from an early 5...c5. Black's setup is
somewhat passive, but very solid.} 7. O-O Nd7 8. Nb3 {Putting the knight on b3
in order to prevent Black from pushing c6-c5 is White's main weapon in this
type of position.} g5 {Anish chooses the most aggressive way to handle the
position.} ({The more quiet alternatives here are:} 8... Nc8) ({and} 8... Bh7)
9. Ne1 Qc7 {This flexible move is becoming quite fashonable. Black may attack
the opponent's pawns centre by means of c6-c5 or f7-f6.} (9... c5 10. Nxc5 Nxc5
11. dxc5 Nc6 12. Bd3 {offers White a small, but stable positional edge.}) 10.
Bh5 {Anand's move looks logical - now the Black's king is stuck in the centre
for a while.} ({Black is doing well in the complex position, which arises after
} 10. f4 O-O-O ({Also quite playable is:} 10... c5 $5 11. c3 O-O-O 12. Bh5 $6
c4 13. Nd2 f6 $15 {0-1 (34) Motylev,A (2683)-Ding,L (2660)/Beijing 2012/EXT
2013}) 11. Nd3 Ng6 {For instance, after} 12. Bg4 Bxd3 13. cxd3 gxf4 14. Bxf4 $6
(14. Bh5 $142 $1 $132) 14... Nxf4 15. Rxf4 f5 $15 {Black was already better in
Nakamura,H (2798)-Shankland,S (2661)/Saint Louis USA 2015}) ({However,} 10. Nd3
$5 {deserves serious attention:} b6 (10... Bg7 11. f4 Ng6 $6 (11... O-O-O {
looks safer, though after} 12. Bh5 f6 13. Nbc5 {White's position would still
be preferable.}) 12. fxg5 hxg5 13. Bxg5 f6 14. Rxf5 exf5 15. Bh5 $16 {1-0 (33)
Fedoseev,V (2661)-Dreev,A (2649)/Moscow RUS 2014}) 11. Be3 (11. f4 c5 $1 $132)
11... Bg7 12. Rc1 {with a long strategic battle, where I prefer White due to
the space advantage.}) 10... c5 {This thematic advance definitely makes sense,
since most of White's pieces are located on the 1st rank now.} (10... Bg7 11.
f4 c5 12. g4 Bg6 13. Bxg6 Nxg6 14. f5 Nh4 15. c3 $14) 11. c3 $146 {A logical
novelty in a rare theoretical position.} ({After the ultra-aggressive} 11. f4
c4 12. Nd2 Qb6 (12... gxf4 $5 13. Rxf4 Qb6) 13. Ndf3 gxf4 14. Bxf4 Ng6 15. Bg3
Bg7 16. Kh1 O-O {Black was completely fine and soon took the initiative over
in Nakar,E (2435)-Sjugirov,S (2678)/Jerusalem ISR 2015}) 11... Bg7 $1 {Again,
the most flexible continuation. Black's king may be hidden on both sides of
the board, while the f7-f6 advance would be on the cards in both cases.} ({
After} 11... c4 12. Nd2 Bg7 13. Nc2 O-O 14. Ne3 f6 (14... Bd3 15. Be2 Bxe2 16.
Qxe2 f6 17. exf6 Nxf6 18. Ng4 $14) 15. Nxf5 Nxf5 16. exf6 Nxf6 17. Bg6 $14 {
Black would suffer from the weak light squares around his king.}) 12. f4 ({
Black doesn't experience any problems after} 12. Nxc5 Nxc5 13. dxc5 Bxe5 (13...
Qxc5 14. Nf3 Bg6 $11) 14. Nf3 Bg7 $132) 12... c4 {Releasing the pressure in
the centre makes White's setup more stable. On the other hand, Black seizes a
lot of space and restricts White's minor pieces.} ({Quite an interesting,
double-edged position would arise after} 12... gxf4 13. Bxf4 Rf8 {Preparing
the q-side castling} {For instance,} 14. Rc1 O-O-O 15. c4 Kb8 16. Bf3 dxc4 17.
Rxc4 b5 18. Nxc5 Nxc5 19. Rxc5 Qxc5 20. dxc5 Rxd1 21. Bxd1 Ng6 $132) 13. Nd2
gxf4 14. Ndf3 {Inviting complications.} ({The natural} 14. Rxf4 {led to more
quiet play:} O-O 15. Nf1 f6 16. exf6 Nxf6 17. Ng3 Ne4 $11) 14... Ng6 ({There
was a principal alternative:} 14... Qb6 $5 15. Bxf4 Ng6 (15... Qxb2 16. Rf2
Qxc3 17. Bd2 Qa3 18. Nh4 {led to very sharp play. White has full compensation
for 2 pawns, but hardly more.}) 16. Bc1 Ngxe5 17. Nxe5 Nxe5 {and now it looks
like White shouldn't deviate from} (17... Bxe5 18. Nc2 Bc7 19. Ne3 Bd3 20. Rxf7
O-O-O $132) 18. Nc2 Ng6 19. Ne3 Bd3 20. Be2 Be4 21. Bf3 Bd3 $11) 15. Bxg6 {
This looks like an achievemnt for Giri - the light-squared bishop was quite
strong.} fxg6 {The position remains complex and roughly equal.} (15... Bxg6 16.
Nh4 Be4 17. Rxf4 h5 $132) 16. Nh4 O-O $6 {This inaccuracy is the main cause of
Black's problems. The king is much more vulnerable on the k-side.} (16... O-O-O
$142 {was preferable:} 17. Nxf5 gxf5 18. Bxf4 Kb8 19. Nf3 Ka8 $132 {with a
long positional battle.}) 17. Rxf4 $1 {An ambitious decision by Vishy. White
doesn't mind sacrificing some material in order to fight for the initiative.} (
17. Nxf5 Rxf5 18. Rxf4 {would allow Black to swap one pair of rooks and
regroup the forces:} Rxf4 19. Bxf4 Rf8 20. Be3 Nb8 21. Qg4 Qf7 22. Nf3 Qf5 23.
Qg3 Qd3 24. Re1 Nc6 $11) 17... g5 {Anish correctly accepts the challenge.} ({
The modest-looking} 17... Nb6 {led to a passive position after} 18. Nxf5 Rxf5
19. Rxf5 gxf5 20. Be3 Qf7 21. g3 $14) 18. Nxf5 gxf4 (18... exf5 19. Rf2 {
offers White a clear advantage, so there was no choice.}) 19. Nxg7 Kxg7 20.
Qg4+ Kh7 21. Qxe6 $1 {Of course, the Pe6 is much more important than any other
pawn here!} Nb6 {The knight does not have much it can achieve there, but
Black's major pieces are getting more mobile.} 22. Qh3 $1 {GM Anand is leaving
the f3-spot vacant for his pieces.} ({Black shouldn't be worse in the
following endgame:} 22. Nf3 Qd7 23. Qxd7+ Nxd7 24. Bd2 Rac8 $11) 22... Qf7 ({
Correctly deviating from} 22... Qd7 23. Qxd7+ Nxd7 24. Kf2 Kg6 25. Kf3 $14 {
White collects the second pawn and gets a better position.}) 23. g3 $1 {
Vishy manages to find an excellent way to activate all his pieces.} ({The
natural} 23. Bd2 Qf5 24. Qxf5+ Rxf5 25. Kf2 Raf8 $11 {didn't promise much.})
23... Qg6 ({It looks like} 23... fxg3 {didn't fully solve the problems either:}
24. Qxh6+ Kg8 25. Qg5+ Kh8 (25... Qg7 26. Qxg7+ Kxg7 27. hxg3 Kf7 28. Ng2 Rg8
29. Kf2 $14) 26. Qh4+ Kg8 $1 (26... Qh7 27. Qxh7+ Kxh7 28. hxg3 $14) 27. Qxg3+
Kh8 28. Qh3+ Qh7 29. Qxh7+ Kxh7 30. Ng2 $14) 24. Ng2 fxg3 ({After} 24... f3 25.
Nf4 Qe4 26. Bd2 $1 Qc2 27. Be3 Qxb2 28. Rc1 $36 {Black's king is in real
danger.}) 25. hxg3 Rf3 {This active move looks nice, but the rook isn't safe
there.} ({Possibly, a better move was:} 25... Rf7 26. Bf4 Re8 27. Re1 Qe6 $14 {
with a passive, but solid position.}) 26. Bf4 Rf8 27. Qh4 $2 {Until now, Anand
was at his best, but this mistake could have spoiled all the advantage.} ({
A much stronger one was:} 27. Qh2 $1 {leaving the h4-square vacant for the
knight:} Rd3 (27... Na4 $2 28. Nh4 Qg4 29. Nxf3 Rxf4 30. Nh4 $18) 28. Re1 Nd7 (
28... Na4 29. e6 Re8 30. e7 Nxb2 31. Nh4 Qf6 32. Qxb2 Rxe7 33. Ng2 $1 $16) 29.
Qh4 $36 {with a powerful initiative.}) 27... Nc8 $6 {Returning the favour.} ({
There was nothing wrong with a more active approach now:} 27... Na4 $1 28. Qe7+
(28. e6 Re8 29. Ne1 Rxf4 30. Qxf4 Rxe6) 28... Rf7 29. Qd8 Qe6 $11 {and Black
has no reasons for worries.}) 28. Re1 Qe6 (28... Qg7 29. e6 Ne7 30. Bd6 Re8 31.
Qh5 Rff8 32. b3 $16) 29. Qh5 $6 {One more inaccuracy.} ({The precise} 29. Ne3
$1 {could have posed Black serious problems. For instance,} Ne7 30. Kg2 R3xf4
31. gxf4 Nf5 $1 {Definitely the best.} ({The tempting} 31... Ng6 $6 32. Qg4
Nxf4+ 33. Kh2 $16 {leads to more serious problems.}) 32. Qh3 Nxe3+ 33. Rxe3
Qg6+ 34. Rg3 Qe4+ 35. Kh2 Qxf4 36. Qd7+ Qf7 37. Qxf7+ Rxf7 $14 {[%csl Ge5] The
resulting rook endgame should be holdable, but Black's task is not easy.})
29... Rd3 30. Be3 ({It was worth paying serious attention to} 30. Rb1 $5 {
with the idea of trapping the took, though after} Rf5 31. Qh4 {[%csl Rd3][%cal
Gg2e1]} Rf3 $1 {it would be not easy to make any progress.}) 30... Ne7 {
The knight is taking part in the defence now.} 31. Nf4 Qg8 32. Nxd3 ({In the
event of} 32. Kh2 Nf5 33. Qf3 Nxe3 34. Rxe3 Rd2+ 35. Re2 Rd3 36. Qg2 Qg5 $1 {
Black's activity should secure equality.}) 32... Qxg3+ 33. Kh1 Nf5 34. Bf4 Qxd3
$11 {Now White's king is exposed, so Black has sufficient counterplay.} 35. e6
Ng7 (35... Rf6 {was also possible:} 36. e7 Ng7 37. Qg4 Ne8 $11) 36. Qxh6+ Kg8
37. Kg2 (37. e7 Qf3+ 38. Kg1 Qg4+ 39. Kh1 Qf3+ $11) 37... Qc2+ 38. Kg1 Qf5 $1 {
The only move, but sufficient.} 39. e7 Qg4+ 40. Kh1 Qf3+ {White cannot avoid a
perpetual, so a draw was agreed.} 1/2-1/2